000
00212 a2200097 4500
001
5948
100
_a
Milne,WE
245
_a
Numerical calculus
260
_a
_b
Princeton University Press
_c
090
_c
4855
_d
4855
942
_a
NUST-CAE
_c
M
_c
31217
999
_c
241021
_d
241021